000 00476nam a22001697a 4500
003 330010
005 20260602132624.0
008 260602b sa ||||| |||| 00| 0 eng d
020 _a9780684870939
040 _c3228
082 0 _a920.00904 PEOP
245 _aPeople Of The Century:
_bOne Hundred Men And Women Who Shaped The Last One Hundred Years
250 _a1st Ed.
260 _aNew York
_bSimon & Schuster
_c1999
300 _a448 pages
_c26 cm
942 _2ddc
_cBOOK
_w190
_xDudu Mondlane
_y190
_zDudu Mondlane
999 _c799418
_d799417